000 00680cam a22002413a 4500
001 14848
003 PGUSA
005 20140828083322.0
008 050131s2005||||xxu|||||s|||||000 1 eng d
040 _aPGUSA
_beng
042 _adc
050 4 _aPZ
100 1 _aPotter, Beatrix,
_d1866-1943
245 1 4 _aThe Story of Miss Moppet
_h[electronic resource] /
_cBeatrix Potter
260 _bProject Gutenberg,
_c2005
506 _aPublic domain in the USA.
516 _aElectronic text
653 _aKittens -- Juvenile fiction
653 _aMice -- Juvenile fiction
830 0 _aProject Gutenberg
_v14848
856 4 0 _uhttp://www.gutenberg.org/ebooks/14848
942 _cEB
999 _c244103
_d244103